000 00758nam a2200229Ii 4500
003 JO-AjNU
008 230605s9999||||xx |||||||||||||| ||und||
017 _a2006/8/2421
020 _a9957-16-293-4
040 _aJO-AjNU
_bara
_erda
_cJO-AjNU
041 _aara
050 1 4 _aJF1358.K.3.2009
100 3 _aكنعان ، نواف ,
_eauthor
_928279
245 0 0 _aالقيادة الإدارية
250 _aط1 ، الاصدار الثامن
264 3 1 _aعمان ، دار الثقافة ، 2009
300 _a506ص
336 _atext
_btxt
_2rdacontent
337 _aunmediated
_bn
_2rdamedia
338 _avolume
_bnc
_2rdacarrier
650 4 _aالادارة التنفيذية -- إدارة اعمال -- اتخاذ القرارات
_928280
999 _aA10948
_c14516
_d14516